Vida y hechos del Ingenioso Cavallero D. Quixote de la Mancha (Record no. 2158)
[ view plain ]
| 000 -CABECERA | |
|---|---|
| campo de control de longitud fija | 01666nam a2200301 a 4500 |
| 001 - NÚMERO DE CONTROL | |
| campo de control | BRCA_2417 |
| 005 - FECHA Y HORA DE LA ÚLTIMA TRANSACCIÓN | |
| campo de control | 20190320203810.0 |
| 008 - DATOS DE LONGITUD FIJA--INFORMACIÓN GENERAL | |
| campo de control de longitud fija | 131108s1755----sp-a---###---#000-0#spa-u |
| 041 ## - CÓDIGO DE LENGUA | |
| Código de lengua del texto/banda sonora o título independiente | spa |
| 044 ## - CÓDIGO DEL PAÍS DE LA ENTIDAD EDITORA/PRODUCTORA | |
| Código MARC del país | sp |
| 084 ## - OTRO NÚMERO DE CLASIFICACIÓN | |
| Número de clasificación | 058 |
| Número de documento/Ítem | .S66 |
| -- | 1755 |
| 100 1# - ENTRADA PRINCIPAL--NOMBRE DE PERSONA | |
| Nombre de persona | Cervantes Saavedra, Miguel de |
| Fechas asociadas al nombre | 1547-1616 |
| 9 (RLIN) | 213 |
| 245 10 - MENCIÓN DE TÍTULO | |
| Título | Vida y hechos del Ingenioso Cavallero D. Quixote de la Mancha |
| Mención de responsabilidad, etc. | compuesto por Miguel de Cervantes Saavedra. |
| 260 ## - PUBLICACIÓN, DISTRIBUCIÓN, ETC. | |
| Lugar de publicación, distribución, etc. | Barcelona |
| Nombre del editor, distribuidor, etc. | Juan Solis |
| Fecha de publicación, distribución, etc. | 1755 |
| 300 ## - DESCRIPCIÓN FÍSICA | |
| Extensión | 4 v. |
| Otras características físicas | il. |
| Dimensiones | 16 cm. |
| 500 ## - NOTA GENERAL | |
| Nota general | Contenido : v 1. Primera parte. Dedicatoria de Cide Hamete Benegeli a D. Quijote. Algunos versos preliminares. Licencia. Tasa. Advertencia del impresor. Prólogo del autor. Teto. -- v 2. Licencia. Tasa. Texto. -- v 3. Segunda parte. Aprovación. Licencia. Tasa. Prólogo del autor. Versos preliminares. Texto. -- v 4. Licencia. Tasa. Tres poesias de los académicos de Argamasilla. Texto |
| 500 ## - NOTA GENERAL | |
| Nota general | Edición : Dedicada al mismo Don Quixote |
| 500 ## - NOTA GENERAL | |
| Nota general | Primera publicación del Quijote editada en España en cuatro tomos. Sigue el texto de la S. Martín, de la que copia también las estampas, grabándolas de nuevo, pero muy toscamante. Edición de surtido encuadernada en pergamino Lúdovik Osterc |
| 500 ## - NOTA GENERAL | |
| Nota general | Estado físico : La cubierta del volumen 1 está desprendida |
| 500 ## - NOTA GENERAL | |
| Nota general | QM43 |
| 650 14 - PUNTO DE ACCESO ADICIONAL DE MATERIA--TÉRMINO DE MATERIA | |
| Término de materia o nombre geográfico como elemento de entrada | Novela española |
| Subdivisión cronológica | Época clásica, 1500-1700 |
| 9 (RLIN) | 215 |
| 650 14 - PUNTO DE ACCESO ADICIONAL DE MATERIA--TÉRMINO DE MATERIA | |
| Término de materia o nombre geográfico como elemento de entrada | Literatura española |
| Subdivisión cronológica | Época clásica, 1500-1700 |
| 9 (RLIN) | 216 |
| 650 14 - PUNTO DE ACCESO ADICIONAL DE MATERIA--TÉRMINO DE MATERIA | |
| Término de materia o nombre geográfico como elemento de entrada | Novela española |
| Subdivisión cronológica | Siglo XVII |
| 9 (RLIN) | 217 |
| 650 14 - PUNTO DE ACCESO ADICIONAL DE MATERIA--TÉRMINO DE MATERIA | |
| Término de materia o nombre geográfico como elemento de entrada | Don Quijote (Personaje ficticio) |
| Término indicativo de función/relación | Novela |
| 9 (RLIN) | 218 |
| 740 0# - PUNTO DE ACCESO ADICIONAL--TÍTULO RELACIONADO O ANALÍTICO NO CONTROLADO | |
| Título relacionado o analítico no controlado | El Ingenioso Hidalgo Don Quijote de la Mancha |
| 902 ## - CATALOGADOR | |
| Iniciales | QFM |
| 942 ## - ELEMENTOS DE PUNTO DE ACCESO ADICIONAL (KOHA) | |
| Fuente del sistema de clasificación o colocación | Library of Congress Classification |
| Tipo de ítem Koha | Libros |
| Estado de retiro | Estado de pérdida | Estado dañado | No para préstamo | Localización permanente | Ubicación/localización actual | Fecha de adquisición | Número de inventario | Total de préstamos | Signatura topográfica completa | Código de barras | Fecha visto por última vez | Precio válido a partir de | Tipo de ítem Koha |
|---|---|---|---|---|---|---|---|---|---|---|---|---|---|
| El ejemplar forma parte de la colección y puede ser consultado según las políticas vigentes. | Biblioteca del Museo Franz Mayer (Rogerio Casas-Alatriste) | Biblioteca del Museo Franz Mayer (Rogerio Casas-Alatriste) | 13/11/2008 | QM43 | 058 .S66 1755 (QM43) | 2414 | 22/03/2019 | 22/03/2019 | Libros |